Представление документа в формате MARC21

ПолеНазваниеЗначение
  Тип записи a
  Библиографический уровень m
001 Контрольный номер RU\infra-m\znanium\bibl\1082163
005 Дата корректировки 20230313235221.1
008 Кодируемые данные 220505s2020 RU g rus u
040 Источник каталогиз. __
a Служба первич. каталог. Общество с ограниченной ответственностью «ЗНАНИУМ»
041 Код языка издания __
a Код языка текста rus
044 Код страны публикации __
a Код страны публикации RU
080 Индекс УДК __
a Индекс УДК 614.894.7
084 Индекс другой классификации/Индекс ББК __
2 Источник индекса rubbk
a Индекс другой классификации/Индекс ББК 68.9
084 Индекс другой классификации/Индекс ББК __
2 Источник индекса okso
a Индекс другой классификации/Индекс ББК 20.03.01
084 Индекс другой классификации/Индекс ББК __
2 Источник индекса okso
a Индекс другой классификации/Индекс ББК 20.03.02
100 Автор __
a Автор Гармашов Дмитрий Андреевич
q Полное имя Дмитрий Андреевич
245 Заглавие __
a Заглавие Эксплуатация СИЗОД
b Продолж. заглавия Учебное пособие
c Ответственность Сибирская пожарно-спасательная академия
260 Выходные данные __
a Место издания Железногорск
b Издательство ФГБОУ ВО Сибирская пожарно-спасательная академия ГПС МЧС России
c Дата издания 2019
300 Физическое описание __
a Объем 44 с.
520 Аннотация __
a Аннотация Учебное пособие предназначено для использования в учебном процессе образовательных организаций подведомственных системе МЧС России в деятельности пожарно-спасательных формирований пожарных подразделений независимо от форм собственности и ведомственной принадлежности добровольных пожарных формирований. Учебное пособие обобщает и объединяет материал из различных источников и позволяет изучить порядок допуска к работе в СИЗОД требования к аттестации газодымозащитников техническое обслуживание СИЗОД обязанности должностных лиц ГДЗС виды упражнений выполняемых на свежем воздухе и дымокамере меры безопасности при работе в дыхательном аппарате.
521 Примеч. о цел. назн. __
a Примеч. о целев. назн. ВО - Бакалавриат
650 Тематические рубрики __
a Основная рубрика Военное дело. Оружие. Спецслужбы
x Основная подрубрика Служба пожарной охраны
700 Другие авторы __
a Другие авторы Вахлеев Александр Викторович
q Полное имя Александр Викторович
700 Другие авторы __
a Другие авторы Симоненко Александр Сергеевич
q Полное имя Александр Сергеевич
856 Электронный адрес документа 4_
a Имя сервера/домена znanium.com
m Помощь ebs_support@infra-m.ru
n Местонахождение сервера НИЦ ИНФРА-М
u URL https://znanium.com/catalog/document?id=353763
856 Электронный адрес документа 41
a Имя сервера/домена znanium.com
d Путь /cover/1082
f Электронное имя 1082163.jpg
q Тип электронного формата image/jpeg
u URL https://znanium.com/cover/1082/1082163.jpg
911 __
u 0030=https://znanium.com/catalog/document?id=353763
911 __
u 608a=Учебное пособие
u 6082=local
911 __
u 9032=163
911 __
u 951p=s://znanium.com/catalog/document?id=353763&pid=